| 000 | 00461nam a2200169Ia 4500 | ||
|---|---|---|---|
| 008 | 230917s9999||||xx |||||||||||||| ||und|| | ||
| 020 | _cRS995 | ||
| 040 |
_e235182 _aMAIN |
||
| 041 | _aEnglish | ||
| 082 | _a355.00954 A42M | ||
| 100 | _aAdhikari, Shekhar | ||
| 245 | 0 | _aMilitary thinking of Anient India | |
| 260 |
_aNew Delhi _bPentagon Press _c2016 |
||
| 300 | _axv, 296 p. | ||
| 500 | _a2409 13/10/2016 APD16/1041615 19/10/2016 Main Budget | ||
| 942 | _cBK | ||
| 999 |
_c19445 _d19445 |
||